| 000 | 00642nam a22002177a 4500 | ||
|---|---|---|---|
| 999 |
_c3968 _d3968 |
||
| 001 | 17722 | ||
| 003 | BD-DhUAP | ||
| 005 | 20200315171207.0 | ||
| 008 | 200315r20142009nyua|||| |||| 00| 0 eng d | ||
| 020 | _a9780194768641 | ||
| 040 |
_aBD-DhUAP _bEng _cBD-DhUAP _dBD-DhUAP |
||
| 082 |
_223 _a428.24 SOA |
||
| 100 | _aSoars, John. | ||
| 245 |
_aNew headway : _bintermediate : student's book / _cJohn Soars and Liz Soars. |
||
| 250 | _a4th ed. | ||
| 260 |
_aOxford : _bOxford Oxford University Press, _c2009 [2014]. |
||
| 300 |
_a159 pages : _billustrations ; _c28 cm. |
||
| 650 | _aEnglish language. | ||
| 700 | _aSoars, Liz. | ||
| 942 |
_2ddc _cBK |
||